<The> Hungarian Enterprise in the Context of Intra-Cmea Relations

Salvato in:
Dettagli Bibliografici
Altri autori: Inotai, András
Natura: Libro
Lingua:inglese
Pubblicazione: Budapest Hungarian Scientific Council for World Economy 1986
Serie:Trends in World Economy
Tags: Aggiungi Tag
Nessun Tag, puoi essere il primo ad aggiungerne!!

MARC

LEADER 00000nam a2200000 4500
001 c041739
005 20221220071628.0
041 0 |a eng 
044 |a HU 
245 1 0 |a <The> Hungarian Enterprise in the Context of Intra-Cmea Relations  |c Edit. András Inotai 
264 1 |a Budapest  |b Hungarian Scientific Council for World Economy  |c 1986 
300 |a 93 s. 
490 1 |a Trends in World Economy 
830 0 |a Trends in World Economy 
700 1 |a Inotai, András